000 00545cam a2200217 4500
001 J1978
008 090401t1992 xxu||||| |||| 00| 0 eng d
035 _a(Sirsi) u46591
041 _aeng
050 _a711.73
110 _aKnight Frank and Rutley
_91990
245 4 _aThe M25 development report 1992.
260 _aLondon
_bKnight Frank & Rutley
_c1992
300 _a6p. : ill. ; 30cm.
350 _a0
650 _aBUSINESS SPACE
650 _aOFFICES
690 _aPROPERTY-COMMERCIAL PROPERTY
942 _n0
948 _c04/03/1997
999 _c91952
_d91952